Statistics for Premier League Villages !

Click here to take the quiz!

General Stats

  • This quiz has been taken 17 times
  • The average score is 4 of 5

Answer Stats

NicknameClubPopulationPL Seasons22-23 Championship% Correct
the ClaretsBurnley73k8Championship (2)
100%
the Baggies, the ThrostlesWest Bromwich Albion78k13Championship (2)
100%
the HornetsWatford96k8Championship (2)
86%
LaticsOldham Athletic96k2National League (5)
64%
the Tykes, the ColliersBarnsley91k1League One (3)
57%

Score Distribution

Percentile by Number Answered

Percent of People with Each Score

Your Score History

You have not taken this quiz